The letter of James / (Record no. 5423)

MARC details
000 -LEADER
fixed length control field 00941cam a2200289 i 4500
001 - CONTROL NUMBER
control field 2708531
003 - CONTROL NUMBER IDENTIFIER
control field GBCCL
005 - DATE AND TIME OF LATEST TRANSACTION
control field 20241126110541.0
008 - FIXED-LENGTH DATA ELEMENTS--GENERAL INFORMATION
fixed length control field 790530s1977 txu b 000 0 eng
010 ## -
-- 76051637
020 ## - INTERNATIONAL STANDARD BOOK NUMBER
International Standard Book Number 0834400723
040 ## - CATALOGING SOURCE
Original cataloging agency DLC
Transcribing agency DLC
Modifying agency DLC
050 00 -
-- BS2785.3
-- .R6
082 00 - DEWEY DECIMAL CLASSIFICATION NUMBER
Classification number 225.77
-- 226.91077
Item number LIV
100 1# - MAIN ENTRY--PERSONAL NAME
Personal name Roberts, J. W.,
Dates associated with a name 1918-
9 (RLIN) 9735
245 14 - TITLE STATEMENT
Title The letter of James /
Statement of responsibility, etc. J. W. Roberts.
260 ## - PUBLICATION, DISTRIBUTION, ETC.
Place of publication, distribution, etc. Austin, Tex. :
Name of publisher, distributor, etc. Sweet Pub. Co.,
Date of publication, distribution, etc. c1977.
300 ## - PHYSICAL DESCRIPTION
Extent 180 p. ;
Dimensions 21 cm.
440 #4 - SERIES STATEMENT/ADDED ENTRY--TITLE
Title The Living word commentary ;
Volume/sequential designation 16
9 (RLIN) 9740
500 ## - GENERAL NOTE
General note Original ed. privately published in 1963.
500 ## - GENERAL NOTE
General note Includes the text in the Revised standard version.
504 ## - BIBLIOGRAPHY, ETC. NOTE
Bibliography, etc. note Bibliography: p. 25-26.
630 00 - SUBJECT ADDED ENTRY--UNIFORM TITLE
Uniform title Bible.
Name of part/section of a work James
General subdivision Commentaries.
9 (RLIN) 870
730 0# -
-- Bible.
-- James.
-- English.
-- Revised standard.
-- 1971.
-- 9741
906 ## - LOCAL DATA ELEMENT F, LDF (RLIN)
a 7
b cbc
c orignew
d 2
e ocip
f 19
g y-gencatlg
942 ## - ADDED ENTRY ELEMENTS (KOHA)
Source of classification or shelving scheme Dewey Decimal Classification
Koha item type Reference Books
Holdings
Withdrawn status Lost status Source of classification or shelving scheme Damaged status Not for loan Home library Current Library Shelving location Date acquired Total checkouts Full call number Barcode Date last seen Copy number Price effective from Koha item type
    Dewey Decimal Classification     GRACE BIBLE COLLEGE GRACE BIBLE COLLEGE Commentary 2018-03-19   225.77 LIV 006726 2025-05-01 v.16 2018-03-19 Reference Books
© Grace Bible College Library 2025